Escenari secret : Premià de Mar 18/09/2025 Premià de Mar 18/09/2025
Descripción Física:
1 díptic ; il. col. ; 21 x 10 cm
Materias:
Espectacles i passatemps -- Premià de Mar (Catalunya)
; Música -- Premià de Mar (Catalunya)
; Fulletons
Idioma:
Catalán
MARC
| LEADER | 00000nam a22000007a 4500 | ||
|---|---|---|---|
| 001 | 29319 | ||
| 003 | AGDB | ||
| 005 | 20260324181546.0 | ||
| 008 | 260204b spa||||| |||| 00| 0 cat d | ||
| 017 | |a B 15718-2025 | ||
| 040 | |a agdb |b cat | ||
| 245 | |a Escenari secret : |b Premià de Mar 18/09/2025 | ||
| 260 | |a Barcelona : |b Diputació de Barcelona, |c 2025 | ||
| 300 | |a 1 díptic ; |b il. col. ; |c 21 x 10 cm | ||
| 650 | 0 | |2 Arxiu |a Espectacles i passatemps |z Premià de Mar (Catalunya) | |
| 650 | 0 | |a Música |2 Arxiu |z Premià de Mar (Catalunya) |9 20160 | |
| 655 | 0 | |a Fulletons |9 55858 | |
| 710 | 1 | |9 52669 |a Barcelona (Catalunya : Província). |b Oficina de Difusió Artística | |
| 710 | 1 | |a Premià de Mar (Catalunya). |b Ajuntament |9 53229 | |
| 942 | |2 udc |c ARXIU |n 1 | ||
| 952 | |0 0 |1 0 |2 udc |4 0 |6 FU798 |7 1 |9 99071 |a Arxiu |b Arxiu |d 2026-02-04 |l 0 |o FU-79-8 |p 29319 |r 2026-02-04 10:15:39 |w 2026-02-04 |y ARXIU | ||
| 999 | |c 130725 |d 130725 | ||